00409nam a2200181Ia 4500003000900000008004100009040001300050040001300063041000800076100002300084245005500107250000900162260002000171260000900191300001100200300001000211490000600221IT-RoPAU120407s9999 xx 000 0 und d aIT-RoPAU cIT-RoPAU aita aGiampiero Gamaleri aLa galassia McLuhan. Il mondo plasmato dai media?  aRoma aArmando Armando c1976 a221 p. c22 cm v1